04712nam a2200313 i 4500001000400000003000700004005001700011007000300028008004100031040003700072082002000109110008500129245010400214264010500318300002900423336002900452337003300481338002800514500040800542505002200950505002200972505009900994505009601093505012801189505007901317520290701396650005004303650004504353104gtuscu20241127152648.0ta241127b2003 |||||||| |||| 001 0 spa d agtuscubspacgtuscudgtuscuerda aCEUR 378.1 P6991 aUniversidad de San Carlos de Guatemala,bCentro de Estudios Urbanos y Regionales aPlan Estratégico :b2003-2022 /ceditores Mario Alfonso Bravo Soto y Huber Ernesto Palma Urrutia.1 aGuatemala :bUniversidad de San Carlos de Guatemala, Centro de Estudios Urbanos y Regionales,c2003. a253 páginas :c27.5 cm 2rdacontenidoatextobtxt 2rdamedioasin mediaciónbn 2rdasoporteavolumenbnc aFacilitador Huber Ernesto Palma Urrutia; coordinadora Amanda Morán; Investigadores-CEUR José Luis Díaz, Oscar Guillermo Peláez Almengor, Enrique Gordillo y Mario Alfonso Bravo Soto; Auxiliares-CEUR Florentín Martínez, Rafael Valladares, Nelson Morales, Blanca Ileana Ordónez; Personal administrativo Patricia Castañeda de Carrillo, Edith de Ruano, Julio Reyes, Guillermina Valenzuela. 0 tPresentación --0 tIntroducción --0 gPrimera PartetCapítulo I Descripción del Centro de Estudios Urbanos y Regionales, CEUR --0 tCapítulo II Análisis estratégico del Centro de Estudios Urbanos y Regionales, CEUR --0 gSegunda PartetCapítulo III Diseño del Plan estratégico (2003-2022) del Centro de Estudios Urbanos y Regionales, CEUR0 gTercera PartetAnexos Insumos y referencias del proceso de planificación3 aTomado de la Presentación: La Planeación Estratégica, es una modalidad de organización del trabajo que, en años recientes ha venido abriéndose campo dentro de los organismos gubernamentales, interesados en elevar su eficacia y eficiencia. La Universidad de San Carlos de Guatemala ha asumido el reto de replantear la ejecución de sus funciones y atribuciones constitucionales y las que emanan de su normativa propia, desde la lógica organizativa que provee esta modalidad, en razón de lo cual ha venido trabajando en la elaboración de su Plan Estratégico para el período 2002-2022, el cual está por concluir. En correspondencia con lo anterior y en respuesta a una serie de inquietudes que en distintos períodos se manifestaron en el seno del Cuerpo Técnico de Investigadores y Auxiliares de Investigación del Centro de Estudios Urbanos y regionales, como parte del debate dentro del Seminario Interno Permanente, se planteó el desafío de anticiparnos a lo que será una tarea obligatoria para todas las unidades académicas y administrativas de la USAC en el futuro inmediato, por lo que se hizo la solicitud pertinente a efecto de que el Consejo Directivo del CEUR aprobara la formulación de una propuesta de Plan Estratégico 2003-2022 de nuestra institución, como actividad central de toda la entidad durante el primer semestre del presente año. Esta solicitud fue aprobada y se orientó a definir o redefinir una serie de cuestiones de orden conceptual y metodológico de cardinal importancia para el trabajo del CEUR, todo lo cual quedó plasmado en la memoria del “Encuentro entre el Consejo Directivo y Cuerpo Técnico del CEUR”, celebrado el día 28 de febrero de 2003 (Tercera Parte. Anexo No. 1). El resultado del esfuerzo realizado en tal dirección, lo constituye la presente publicación que recoge el Plan Estratégico 2003-2022 del Centro de Estudios Urbanos y Regionales, que la Coordinación y el Cuerpo Técnico del CEUR ponen a disposición de las Autoridades y comunidad universitaria. Este Plan fue enriquecido con las opiniones, modificaciones, supresiones o adiciones que emanaron de los miembros de referencia fundamental, el Plan Estratégico de la USAC. Los consensos alcanzados tras los enriquecedores debates, como parte del proceso de elaboración de la presente propuesta, fueron la base sólida para que de inmediato se pudiera iniciar, el pasado 1 de julio de 2003, la fase inicial que es considerada la “Etapa de Puesta en Marcha del Plan Estratégico del CEUR”, la cual aparece expuesta en el presente documento, así como el Primer Plan Operativo julio-diciembre 2003. Con la publicación del presente documento y su difusión, esperamos contribuir también a una mejor relación entre todas las unidades académicas y centros de investigación de nuestra Universidad. La Coordinación. 14aEducación SuperiorvFines y objetivos2LEMB14aPolítica de educación superior2LEMB